000 00873 a2200241 4500
001 16143
005 20260407155457.0
008 260407a2011 arg spa d
003 AR-UNSa-BCEJYS
040 _aAR-UNSa-BCEJYS
_bspa
_cAR-UNSa-BCEJYS
080 _a657(083)
_xResoluciones Técnicas Contables. Informes
245 1 0 _aResoluciones técnicas vigentes
264 1 _aBuenos Aires :
_bErrepar
_c2011
300 _a352 p.
_c28 cm.
041 _aspa
942 _cBK
590 _aniveau_biblio:m niveau_hierar:0
100 1 _aParada, Ricardo Antonio
700 1 _aFederación Argentina de Consejos Profesionales de Ciencias Económicas (FACPCE)
700 1 _aErrecaborde, José Daniel
700 1 _aCañada, Francisco Roberto
856 4 1 _uhttps://biblioeco.unsa.edu.ar/pmb/images/libros/Resoluciones Tectincas Vigentes2-l117242.jpg
_yImagen de portada
_qimage/jpeg
999 _c702
_d702